000 00913nam a2200277Ia 4500
001 Para_2991
003 CHAP
008 220125s1988 xx 000 0 und d
010 _a201359
040 _cCHAP
090 _aPA TESIS 506
100 _aGómez González, Jaime
_949718
245 _aEnsayos para la utilización del ajo (Allium sativum) como antibacteriano /
_c por Jaime Gómez González
260 _aChapingo, Méx. :
_b El autor
300 _a34 h.
502 _aTesis (Ing. Agr. Esp. en Parasitología Agrícola) -- UACh. Departamento de Parasitología Agrícola
650 _aAjo como antibiótico Antibióticos
_9166266
710 _aUACh. Departamento de Parasitología Agrícola
_9115877
901 _aPA TESIS 506
902 _aA
905 _a0000001988 CHA 0000000000 00
910 _a1988
942 _cPARA
942 _cPARA
_d1
999 _c201359
_d201359